Normal view
MARC view
- Ehzaz Ashraf Natiq Ali Sana-ur-Rehman
Entry Personal Name
001 - CONTROL NUMBER
- control field: 86240
003 - CONTROL NUMBER IDENTIFIER
- control field: NUST
005 - DATE AND TIME OF LATEST TRANSACTION
- control field: 20211209122502.0
008 - FIXED-LENGTH DATA ELEMENTS
- fixed length control field: 211209|| aca||aabn | a|a d
040 ## - CATALOGING SOURCE
- Original cataloging agency: NUST
- Transcribing agency: NUST
100 ## - HEADING--PERSONAL NAME
- Personal name: Ehzaz Ashraf Natiq Ali Sana-ur-Rehman
670 ## - SOURCE DATA FOUND
- Source citation: Work cat.: (NUST): Ehzaz Ashraf Natiq Ali Sana-ur-Rehman , PR-SOF-2079-Design Of Feedback Control System For Noise Removal From Underwater Acoustic Data, 2021.
